000 01226nac a22003011u 4500
010 _a 2007274911
020 _a1418837180
020 _a9781418837181
035 _a(OCoLC)ocm70830405
082 0 0 _a004.6
_bTOM
090 _c8210
_d8210
100 _aTomsho, Greg.
245 1 0 _aGuide to networking essentials /
_cGreg Tomsho, Ed Tittel, David Johnson.
250 _a5th ed.
260 _aBoston, Mass. :
_bThomson Course Technology,c2007.
_cc2007.
300 _axxi, 658 p. :
_bill. ;
_c24 cm. +
_e1 CD-ROM (4 3/4 in.)
490 0 _aNetworking
500 _aCD-ROM contains "Simulations: Macromedia Flash simulations of common networking processes provide visual learning of complex ideas."
500 _aDistributer: Al-Ahram.
504 _aIncludes bibliographical references (p. 614-615) and index.
511 _aCatalogued By: Mahitab.
650 0 _aComputer networks.
700 1 _aTittel, Ed.
700 1 _aJohnson, David,
_d1970-
856 4 1 _3Table of contents only
_uhttp://www.loc.gov/catdir/toc/fy0712/2007274911.html
942 _cBB
_k004.6TOM
999 _c8210
_d8210